[Event "Istanbul op 5th"]
[Site "Istanbul"]
[Date "2006.09.05"]
[Round "7"]
[White "Gurevich, Mikhail"]
[Black "Azarov, Sergei Nikolaevich"]
[Result "1/2-1/2"]
[WhiteElo "2643"]
[BlackElo "2579"]
[Annotator "Gurevich,M"]
[PlyCount "157"]
[EventDate "2006.08.30"]
[EventType "swiss"]
[EventRounds "9"]
[EventCountry "TUR"]
[SourceTitle "EXT 2007"]
[Source "ChessBase"]
[SourceDate "2006.11.23"]
[SourceVersion "1"]
[SourceVersionDate "2006.11.23"]
[SourceQuality "1"]

1. d4 Nf6 2. c4 e6 3. Nc3 Bb4 4. Qc2 d5 5. a3 Bxc3+ 6. Qxc3 c5 7. dxc5 d4 8.
Qg3 $5 (8. Qc2) 8... Nc6 (8... O-O 9. Bh6 Ne8 10. e3 Nc6 11. O-O-O Qc7 12. Qxc7
Nxc7 13. Bf4 e5 14. Bg3 dxe3 15. fxe3 a5 16. Ne2 (16. Nf3 f6 17. e4 Bg4 18. Bf2
Ne6 19. Rd5 a4 20. Kd2 Rfc8 21. Kc3 Ne7 22. Kb4 Nc6+ 23. Kc3 Ne7 24. Kb4 Nc6+
25. Kc3 {1/2-1/2 Braun,A-Romanishin,O/Germany 2006/CBM 111/[Gofshtein,L]})
16... Ne6 17. Rd5 f6 18. Nc3 a4 19. Ne4 Ne7 20. Rd1 Nc6 21. Rd5 Ne7 22. Rd1 Nc6
23. Rd5 {1/2-1/2 Gelfand,B-Ponomariov,R/Moscow RUS 2006/The Week in Chess 627})
9. b4 (9. Nf3 $5 {TN} O-O 10. Bh6 Ne8 (10... Nh5 $5) 11. O-O-O f6 12. Bd2 b6
13. e3 bxc5 14. exd4 cxd4 15. Bd3 Qb6 16. Qh4 g6 17. b4 a5 18. b5 Qc5 19. Bh6
Qxa3+ 20. Kd2 Nb4 21. Qxd4 Qa2+ 22. Ke3 Qb3 23. Ke2 e5 24. Qc5 $14 {1-0
Khismatullin,D-Yemelin,V/Sochi 2006/CBM 111 ext (33)}) 9... e5 $5 {TN} (9...
O-O 10. Bh6 Ne8 11. e4 e5 12. Bd3 a5 13. b5 Nb8 14. Nf3 Nd7 15. c6 bxc6 16.
bxc6 Nc5 17. Nxe5 Qf6 18. Bf4 g5 19. Bxg5 Qxe5 20. Bc2 Qxg3 21. hxg3 f6 22. Bh6
Rf7 23. Rd1 $13 {1/2-1/2 Schrancz,I-Lopepe,P/ICCF Email 2002/ICCF Telechess
CBM 102 (32)}) 10. e4 $5 (10. Qxg7 Rg8 11. Qh6 Rg6 $44) 10... dxe3 (10... O-O)
11. Bxe3 O-O 12. Rd1 Qe7 13. Nf3 (13. Be2) (13. Ne2) 13... Bg4 $5 (13... Ne4
14. Qh4 Qxh4 15. Nxh4 a5 16. b5 Nd4 $44) 14. Be2 a5 (14... Rfd8 $5 15. O-O e4
16. Nd4 Bxe2 17. Nxe2 Rd3 18. Rxd3 exd3 19. Nd4 $5 $14) 15. b5 Bxf3 16. Bxf3 (
16. gxf3 $5 Nd4 17. Bxd4 exd4 18. Rg1 Nh5 $5 19. Qd6 Rfe8 20. Qxe7 Rxe7 21.
Rxd4 Rae8 22. Re4 Nf4 23. Kd2 $14) 16... Nd4 17. O-O Ne4 $1 (17... Qxc5 18.
Bxd4 exd4 19. Bxb7 Rab8 20. Bc6 Qxc4 21. Qd3 $16) 18. Qh3 Nxf3+ 19. Qxf3 Nxc5
20. Rd5 (20. Bxc5 $5 Qxc5 21. Qxb7 Qxa3 (21... Qxc4 22. Qd5 $14) 22. Qd5 $14 {
[/\b5-b6-b7]}) 20... Na4 $1 21. Qf5 $1 Qxa3 22. Qxe5 (22. Rd7 $5 b6 23. Qxe5
Rae8 24. Qd5 Re7 25. h3 $14) 22... Rfe8 23. Qc7 b6 24. Rd7 Rac8 25. Qb7 $6 (25.
Qf4 Re7 26. Rd6 Re4 $11) 25... Qf8 $1 {[/\26...Rxc4,26...Rxe3]} 26. Rc1 {
Diagram [#]} Rxe3 $1 27. fxe3 Nc5 28. Qd5 $2 (28. Qa7 Nxd7 29. Qxd7 $15) 28...
Qe8 $1 29. Rd1 Qxe3+ 30. Kh1 Nxd7 31. Qxd7 Rf8 $17 32. h3 g6 33. Qc7 a4 34. Qa7
$5 (34. c5 Qxc5 35. Qxc5 bxc5 36. Ra1 Rb8 $19) 34... a3 35. Rf1 Qc5 36. Rf3 (
36. Rf4 Qb4 $19) 36... Qxc4 37. Qxa3 Qxb5 38. Qe7 Qc4 39. Rf6 $5 b5 40. Qe5 b4
41. Rb6 {[Rb6-b7,Qf6]} Rd8 42. Rb7 h5 43. Qf6 Rf8 $6 (43... Re8 $17) 44. h4 (
44. Qb2 Qf1+ 45. Kh2 Qf4+ 46. g3 Qf3 47. Rxb4 $15) 44... Qe4 45. Rb6 Re8 46.
Kh2 Rc8 47. Rb5 $15 Qe6 48. Qxe6 fxe6 49. Rxb4 Kf7 50. Kg3 Kf6 51. Kf4 Rd8 52.
g3 Rd1 53. Ra4 (53. Rb8 $142) 53... e5+ 54. Ke4 Re1+ 55. Kf3 Kf5 56. Ra8 Rf1+
57. Kg2 Rd1 58. Ra4 Rd4 59. Ra5 $2 (59. Ra6 $15) 59... Rd2+ 60. Kf3 Rd3+ 61.
Kf2 Kg4 $1 $19 62. Ra6 $8 (62. Rxe5 Rf3+ 63. Ke2 Rxg3 64. Re4+ Kh3 $19) 62...
Rf3+ 63. Ke2 Rxg3 64. Rxg6+ Kxh4 65. Re6 Rg5 66. Kf3 Rf5+ 67. Ke4 Rf1 $2 (67...
Kg4 68. Ra6 h4 69. Ra1 Rf4+ 70. Kxe5 Rb4 $19) 68. Ra6 Re1+ 69. Kf5 Kg3 (69...
e4 70. Kf4 e3 71. Ra5 e2 72. Kf3 $15) 70. Ra3+ Kg2 71. Ra2+ Kg3 72. Ra3+ Kg2
73. Ra2+ Kf3 (73... Kg1 74. Ra3 e4 75. Rh3 e3 76. Kf4 $15) 74. Rh2 e4 75. Rh3+
$1 $11 Kf2 76. Kf4 e3 77. Rh2+ Kg1 78. Rxh5 Kg2 79. Ke4 1/2-1/2

[Event "BL2-West 9899"]
[Site "Germany"]
[Date "1999.03.07"]
[Round "7.3"]
[White "Gurevich, Mikhail"]
[Black "Davies, Nigel Rodney"]
[Result "1-0"]
[WhiteElo "2629"]
[BlackElo "2515"]
[Annotator "Gurevich,M"]
[PlyCount "85"]
[EventDate "1998.10.??"]
[EventType "team-tourn"]
[EventRounds "9"]
[EventCountry "GER"]
[SourceTitle "CBM 069"]
[Source "ChessBase"]
[SourceDate "1999.04.01"]
[SourceVersion "1"]
[SourceVersionDate "1999.04.01"]
[SourceQuality "1"]
[WhiteTeam "Godesberg"]
[BlackTeam "Plettenberg"]
[WhiteTeamCountry "GER"]
[BlackTeamCountry "GER"]

1. d4 Nf6 2. c4 e6 3. Nc3 Bb4 4. Qc2 d5 5. a3 Bxc3+ 6. Qxc3 dxc4 7. Qxc4 b6 8.
Nf3 Ba6 (8... O-O 9. Bg5 Ba6 10. Qc2 Nbd7 11. e4 Bxf1 12. Rxf1 Qe8 13. O-O-O c5
14. d5 $14 {0-1 Vera,R-Davies,N/Saint Vincent ITA 1999 (42)}) 9. Qc2 Nbd7 10.
g3 $5 {TN} (10. Bg5 O-O 11. e4 Bxf1 12. Rxf1 h6 13. Bxf6 Nxf6 14. O-O-O Rc8 15.
Kb1 Qe7 16. Rfe1 Rfd8 17. Ne5 c5 $132 {0-1 Kramnik,V-Kasparov,G/Moscow RUS
1998 (58)}) 10... O-O 11. Bg2 Bb7 (11... c5 $5 12. dxc5 Nxc5 $13 (12... Rc8 13.
c6 $14)) 12. Bf4 Be4 $5 13. Qd2 (13. Qxc7 Qxc7 14. Bxc7 Rfc8 $36) 13... Qb8 $5
(13... Nd5 14. O-O Nxf4 15. Qxf4 $14) 14. Rc1 Rc8 15. O-O Qb7 16. Rfd1 h6 (
16... Nd5 17. Ne1 Bxg2 18. Nxg2 c5 19. dxc5 Nxf4 (19... Nxc5 20. Be5 $14) 20.
Nxf4 Nxc5 21. Nh5 $1 $36) 17. Ne1 $1 Bxg2 18. Nxg2 c5 19. dxc5 Nxc5 20. f3 Ncd7
(20... Nb3 21. Rxc8+ Rxc8 22. Qb4 Nc5 23. e4 $14) 21. Be3 $1 {[/\22.Bd4]} Rxc1
(21... e5 22. Nh4 $1 {(/\23.Nf5)|^}) 22. Rxc1 Rc8 23. Rxc8+ Qxc8 24. Bd4 $14 e5
25. Bc3 Qc5+ 26. Ne3 a5 $2 (26... Nd5 $2 27. Qxd5 Qxe3+ 28. Kf1 $16) (26... e4
$1 27. Kg2 (27. f4 Ng4 28. Bd4 Qh5 $11) 27... exf3+ 28. exf3 $14) 27. Kg2 {
[/\ g3-g4, Nf5|^>>]} e4 28. f4 Kh7 29. h3 h5 30. g4 $1 $16 hxg4 31. hxg4 Qc7
32. g5 Nh5 33. Nd5 Qc4 {[/\34...Qxd5]} (33... Qd6 $2 34. Nf6+ $18) 34. e3 Kg8 (
34... Qd3 35. Qxd3 exd3 36. Kf3 $16) 35. Kf2 $1 (35. Ne7+ Kh7 36. Qxd7 Qe2+ $11
) 35... Qc5 (35... Kf8 36. Nxb6 Nxb6 37. Qd8#) 36. Qd1 $1 g6 37. Qd4 $1 $18
Qxd4 38. Bxd4 b5 39. Nc3 b4 40. axb4 axb4 41. Nxe4 Ng7 42. Ke2 Nf5 43. Kd3 1-0

[Event "Tata Steel-A 81st"]
[Site "Wijk aan Zee"]
[Date "2019.01.16"]
[Round "5"]
[White "Fedoseev, Vladimir1"]
[Black "Vidit, Santosh Gujrathi"]
[Result "1/2-1/2"]
[WhiteElo "2724"]
[BlackElo "2695"]
[Annotator "Howell,David"]
[PlyCount "148"]
[EventDate "2019.01.12"]
[EventType "tourn"]
[EventRounds "13"]
[EventCountry "NED"]
[EventCategory "21"]
[SourceTitle "CBM 188"]
[Source "ChessBase"]
[SourceDate "2018.12.21"]
[SourceVersion "1"]
[SourceVersionDate "2018.12.21"]
[SourceQuality "1"]

1. d4 Nf6 2. c4 e6 3. Nc3 Bb4 4. Qc2 O-O 5. a3 Bxc3+ 6. Qxc3 d5 7. e3 {This is
a relatively rare move at this juncture. White modestly develops while hoping
that his extra bishop will grant him chances for an advantage when the
position later opens up.} (7. Nf3 {and}) (7. Bg5 {are both far more common. I
have tested both of these moves recently, but Black appears to have worked out
some convincing replies.}) 7... b6 8. cxd5 exd5 9. Bd3 Ba6 10. Ne2 (10. Bxa6 {
featured in the game Nakamura-Anand, Norway Chess 2015:} Nxa6 11. Qd3 Qc8 12.
Ne2 c5 13. b3 cxd4 14. exd4 Nc7 {with an equal position.}) 10... c5 11. b3 Ne4
12. Qc2 Bxd3 13. Qxd3 Nc6 14. Bb2 cxd4 {Black resolves the central tension but
willingly saddles himself with the famous insolated d-pawn. As compensation,
he is ahead in development and his major pieces will be quick to find good
squares.} 15. Nxd4 Nc5 16. Qd1 Nxd4 17. Bxd4 (17. Qxd4 $2 {would be met
strongly by:} Qg5 $1 $17) 17... Ne6 18. O-O Qh4 19. Bb2 Rad8 20. Rc1 Rd7 21. f4
{Commital, and true to Fedoseev's style. White hints at a kingside attack
though in truth this move is aimed at limiting the scope of Black's knight.} (
21. Qf3 {might have been enough for a small (if somewhat symbolic) advantage:}
Rfd8 22. Rfd1 Qe4 (22... d4 $6 23. g3 Qe7 24. exd4 $14) 23. Kf1) ({moves such
as} 21. Rc3 $5 {were also on the radar.}) 21... Qe7 {This feels slightly too
passive.} ({There was no reason to refrain from} 21... Nc5 $11 {with the
simple idea of bringing the knight round to the newly-created outpost on e4.})
22. b4 $1 {Further restricting the black knight.} f6 (22... d4 {would have
been an immediate attempt to liquidate the centre:} 23. e4 d3 $132) 23. Qb3 Qf7
24. Rfd1 Rfd8 25. h3 (25. Rc6 $1 $14 {would keep an eye on the e6-knight and
prevent Black's next.}) 25... Qg6 $1 26. a4 Qe4 $11 {Now play is balanced.} 27.
a5 bxa5 28. bxa5 Kf7 29. Kh2 h5 30. Bd4 Re7 31. Rc3 Rdd7 32. a6 h4 33. Qb2 Rc7
34. Qf2 Rxc3 35. Bxc3 Rc7 36. Be1 Rc2 37. Rd2 Rxd2 38. Bxd2 Qd3 39. Bb4 Qc4 40.
Be1 Qxa6 41. Qxh4 Qe2 42. f5 Ng5 43. Qg3 $6 {Knowing Fedoseev, he was still
habouring hopes of a victory here. However Black's queen and knight are simply
too active.} ({It would have been pragmatic to try and force an immediate draw:
} 43. Qa4 Qxe1 (43... Nf3+ 44. Kg3 {changes nothing:} Nxe1 45. Qd7+) 44. Qd7+
Kg8 45. Qe8+ Kh7 46. Qh5+ {with perpetual check.}) 43... Kg8 44. Bc3 Qb5 $1 $15
{Vidit prevents any checks and prepares to push his a-pawn.} 45. Qc7 Ne4 46.
Bd4 $6 (46. Ba5 {was safer, blockading the a-pawn.}) 46... a5 $17 47. Qe7 a4
48. Bb2 Qb8+ 49. Kg1 Qc8 50. Kh2 Qb8+ 51. Kg1 Qc8 52. Kh2 Kh7 53. Qa7 Qf8 54.
Bd4 a3 55. Kg1 Qb4 56. Kh2 Qd6+ 57. Kg1 Qb4 58. Kh2 Qb3 59. Qa8 a2 60. Qe8 Qa3
{It is hard to criticise this, as Vidit has played superbly over the past
dozen moves. Black could now have converted his advantage although the winning
concept is still difficult to comprehend, even with engine assistance:} (60...
Qb4 $1 {wins due to a strange type of zugzwang. White cannot give perpetual
check, while it is impossible to keep both his king and bishop on the correct
squares. One sample variation:} 61. Qh5+ Kg8 62. Qe8+ Qf8 63. Qa4 Qb8+ 64. Kg1
Qb1+ 65. Kh2 Nd6 $1 {(preventing Qe8+ ideas and attacking f5)} 66. Qd7 Nxf5 67.
Qe8+ Kh7 68. Qh5+ Nh6 $19 {and with a safe king the path to victory should be
straightforward.}) 61. Ba1 $2 {allowing Black another chance.} (61. Bb2 $1 {
draws, but once again this is difficult for the untrained human eye:} Qd6+ (
61... Qxb2 62. Qh5+ Kg8 63. Qe8+) 62. Kg1 Qb4 63. Qh5+ Kg8 64. Qe8+ Qf8 65. Qa4
$11 {and now, as opposed to the variation with 60...Qb4!, Black cannot gain
time by checking the white king.}) 61... Qd6+ $2 {Letting the win slip for
good.} (61... Qc5 {would win}) ({while} 61... Qb4 {is similar to the
variations above:} 62. Qh5+ Kg8 63. Qe8+ Qf8 64. Qa4 Qb8+ 65. Kg1 Qb1+ 66. Kh2
Nd6 $19) 62. Kg1 Qc5 63. Qg6+ Kg8 64. Qe8+ Qf8 65. Qa4 $1 {Now Black has no
checks so he must abandon the a-pawn. Fedoseev now defends accurately to
ensure the draw.} Qc8 66. Qxa2 Qc1+ (66... Qxf5 {should also eventually lead
to a draw, although Black can press forever.}) 67. Kh2 Qc7+ 68. Kg1 Qc1+ 69.
Kh2 Nd2 70. Bb2 Qe1 71. Qxd5+ Kh7 72. Bc3 Nf1+ 73. Kg1 Nd2+ 74. Kh2 Nf1+
1/2-1/2

[Event "Moscow Tal Memorial 4th"]
[Site "Moscow"]
[Date "2009.11.05"]
[Round "1"]
[White "Carlsen, Magnus"]
[Black "Kramnik, Vladimir"]
[Result "1/2-1/2"]
[WhiteElo "2801"]
[BlackElo "2772"]
[Annotator "Krasenkow,M"]
[PlyCount "116"]
[EventDate "2009.11.05"]
[EventType "tourn"]
[EventRounds "9"]
[EventCountry "RUS"]
[EventCategory "21"]
[SourceTitle "CBM 133"]
[Source "ChessBase"]
[SourceDate "2009.11.19"]
[SourceVersion "1"]
[SourceVersionDate "2009.11.19"]
[SourceQuality "1"]

1. d4 Nf6 2. c4 e6 3. Nc3 Bb4 4. Qc2 O-O 5. a3 Bxc3+ 6. Qxc3 d5 7. cxd5 Ne4 8.
Qc2 exd5 9. Bf4 {This line was examined in CBM 132, annotations to Morozevich
- Alekseev.} Nc6 ({Everyone (apparently except Vladimir Kramnik) would like to
see what Magnus Carlsen had prepared against} 9... Bf5 10. Qxc7 Qxc7 11. Bxc7
Rc8 12. Bf4 Nc6 $1 (12... Rc2 $143 $6 13. f3 Nf6 14. g4 Bg6 15. h4 Rxb2 16. h5
Bc2 17. e3 Ba4 18. Rh2 $1 $16 {1-0 Morozevich,A (2751)-Alekseev,E (2714)/Biel
2009/CBM 132/[Krasenkow] (34)}) {Was it an improvement on the following game
between two top female players? :} 13. f3 (13. Rd1 $143 Na5 14. g4 Bd7 15. f3
Nf6 16. Nh3 Ba4 17. Rd3 Rc2 $36 {0-1 Wiley,T (2287)-Balogh,C (2595)/Arinsal
2009/CBM 131 Extra (21)}) 13... Nf6 14. g4 Bc2 (14... Bd7 $6 15. e3 Na5 16. Bd3
$16) (14... Nxd4 $5 15. Rd1 $1 Ne6 16. gxf5 Nxf4 17. e3 N4h5 18. Ne2 Rc2 19.
Rd2 Rac8 20. Nc3 $1 {consolidating his position and keeping some positional
advantage.}) (14... Bg6 $5 {[%cal Yc6a5,Ya5b3] looks, however, very strong})
15. e3 Na5 16. b4 (16. Kf2 $5 Bg6 17. Re1 Rc2+ 18. Re2 Rac8 19. Kg3 $5) 16...
Nb3 17. Ra2 Nc1 18. Rb2 Nxg4 $1 19. e4 $5 (19. h4 Nf6 $36) 19... Nd3+ 20. Bxd3
Bxd3 21. Kd2 $4 (21. e5 Rc4 $1 $36) 21... Nf2 22. Be3 Bf1 $1 23. Bxf2 Bg2 $19 {
0-1 Zhu Chen (2488)-Xu Yuhua (2485)/Nanjing CHN 2009/The Week in Chess 779 (40)
}) 10. e3 Re8 $146 {[%mdl 8]} ({Kramnik doesn't repeat a promising line played
by Vishy Anand:} 10... g5 $5 11. Bg3 f5 12. O-O-O (12. Nf3 $5 f4 13. exf4 g4
14. Ne5 Nxd4 $13) 12... f4 13. f3 Nd6 $6 (13... fxg3 $1 14. fxe4 Rf2 $36) 14.
exf4 gxf4 15. Bf2 Bf5 16. Qc5 Ne7 17. Ne2 Bg6 $13 {0-1 Karpov,A (2619)-Anand,V
(2788)/Corsica FRA 2009/The Week in Chess 782 (32)}) {In the game Black gets a
good position, too; it is unclear why Carlsen played such a line, which looks
rather risky for White.} 11. Nf3 g5 $1 12. Bg3 g4 13. Ne5 Nxe5 14. Bxe5 (14.
dxe5 $5 Bf5 15. Bd3 Bg6 (15... c5 16. f3 gxf3 17. gxf3 c4 18. Bxe4 dxe4 19. Rg1
$13) 16. Bxe4 (16. Bf4 c5 $1) 16... Bxe4 17. Qe2 Qg5 $11) 14... c5 15. Bd3 Bf5
(15... Qa5+ $2 {is premature as after} 16. b4 $1 cxb4 17. O-O bxa3 18. f3 {
White completes his development and obtains a strong attack.}) 16. Qe2 (16. O-O
c4 17. Bxe4 Bxe4 {[%cal Ye8e6,Ye6b6,Ye6h6] is favourable for Black (M.Notkin).}
) ({Or} 16. Bxe4 Bxe4 17. Qxc5 Bxg2 18. Rg1 Bf3 $17 {[%csl Re1]}) 16... f6 17.
Bxe4 (17. Bf4 $2 Qa5+ 18. Kf1 cxd4 $19) (17. f3 {leads to a bad endgame for
White:} gxf3 18. Qxf3 c4 $1 19. Bxe4 (19. Qxf5 cxd3 $19 {[%csl Gd3,Ge4]}) 19...
Bxe4 20. Qxf6 Qxf6 21. Bxf6 Re6 $17 {[%csl Rb2][%cal Ye6b6] according to IM
Maxim Notkin.}) 17... Bxe4 18. Bg3 Qa5+ 19. Qd2 Qxd2+ {A disputable decision.
White's drawing chances are more realistic in the endgame, due to the
opposite-coloured bishops, but Kramnik rejected} (19... Qa6 {in view of} 20. f3
(20. Qe2 $2 Qxe2+ 21. Kxe2 cxd4) 20... gxf3 21. gxf3 Bxf3 22. Rf1 {e.g.} Bh5 (
22... Bg4 23. Rf4 Bh5 24. Kf2) 23. Rf5 $5 (23. Rf4 cxd4 24. Rxd4 Rac8 $5 $40)
23... Rxe3+ $5 (23... Bg6 24. Rxd5) 24. Qxe3 Re8 25. Be5 $1 (25. Qxe8+ Bxe8 {
[%cal Ra6e6]} 26. Rf2 cxd4 {looks very bad for White}) 25... cxd4 26. Qg3+ Bg6
27. O-O-O $1 fxe5 ({or} 27... Qe2 28. Bxd4 Qe4 29. Qd3 $1 Bxf5 30. Qxe4 Bxe4
31. Kd2) 28. Rxe5 Rc8+ 29. Kd2 {, and White holds on, keeping chances to
survive.}) 20. Kxd2 {[%mdl 4096]} c4 {[%cal Ye8e6,Ye6b6]} ({After} 20... cxd4
21. exd4 Bxg2 22. Rhe1 {M.Notkin} Be4 23. Rac1 {White activates his rooks and
creates sufficient counterplay; of course, the exchange of all rooks will lead
to a dead draw.}) 21. f3 $1 {White must urgently create counterplay; otherwise
Black's queenside pawn advantage will decide the game.} gxf3 22. gxf3 Bg6 (
22... Bxf3 $6 23. Rhf1 $11) 23. h4 {[%cal Yh4h5]} Bh5 24. Ke2 Re6 25. Be1 Kf7
26. Kf2 Rae8 27. Bd2 Rb6 28. Bc3 Rb3 {[%cal Yb7b5,Ya7a5,Yb5b4] Black's plan is
double-edged as his rook can find itself out of play.} 29. a4 $1 {Preventing
29...b5} b6 {[%cal Ya7a6,Yb6b5]} 30. Rhe1 {[%cal Ye3e4]} Bg6 (30... a6 31. e4
b5 32. axb5 axb5 33. Ra7+ Re7 34. Ra3 Rxa3 35. bxa3 $11) 31. e4 $1 {Still!}
dxe4 32. d5 a6 $2 (32... exf3 $142 33. Rxe8 Kxe8 34. Kxf3 $11) 33. fxe4 $2 {
Missing an excellent chance:} (33. h5 $142 $1 Bxh5 ({or} 33... Bf5 34. Re3 $1 {
[%cal Ya1e1,Yf3e4]}) 34. Rxe4 Rxe4 35. fxe4 {[%csl Rb3] and the initiative
passes to White - see annotation to move 28!}) 33... Bxe4 34. d6 f5 35. Rg1 Ke6
36. Rg7 Kxd6 37. Rxh7 {White's passed h5 pawn should guarantee him a draw.} Bd3
38. Kf3 Re4 39. h5 Rh4 40. Rg1 Be4+ 41. Ke3 Rh3+ 42. Kf4 Rf3+ 43. Kg5 b5 44.
axb5 axb5 45. Kf6 (45. Ra1 $5 Rfxc3 46. bxc3 Rxc3 {doesn't change much.}) 45...
Rbxc3 46. bxc3 Rxc3 47. Rg8 Rh3 48. Rc8 c3 49. Rhc7 (49. Rhh8 $5 Bc6 50. Rh6 $1
{[%cal Rf6f5] was simpler, with a forced draw::} Kd7 51. Rhh8 Kd6 52. Rh6 {as}
Bd7 $2 {doesn't work due to} 53. Kf7+ Ke5 54. Rc5+ Kd4 55. Rc7 {, and White
wins a piece (M.Notkin).}) 49... c2 50. Kg5 Rh2 (50... Rh1 51. Rxc2 Bxc2 52.
Rxc2 $11) 51. Rc3 $6 (51. Rc5 $1 b4 52. Rc4 b3 53. Kf6 Kd5 54. R8c5+ Kd6 55.
Rc8 $11 {M.Notkin}) 51... Ke6 (51... Ke5 $142 {but White apparently has a draw
anyway. In many variations he achieves the endgame R vs. R+B:} 52. R3c5+ Kd4
53. Rxb5 Rg2+ (53... Bd3 54. Rb4+ Ke3 55. Rb3 Rg2+ 56. Kf6 f4 {is just a
transposition of moves}) 54. Kf6 (54. Kf4 $4 Rg4#) 54... f4 55. Rb4+ Ke3 56.
Rb3+ Bd3 (56... Kd2 $143 57. Ke5) 57. Rcc3 Rd2 (57... Ke2 58. Rb2 Kd2 59.
Rbxc2+ Bxc2 60. Rf3 Rg4 61. Ke5 $11) 58. h6 Ke2 $1 (58... f3 59. h7 f2 60. h8=Q
f1=Q+ 61. Ke7 $11) 59. Kg5 $1 f3 60. h7 f2 (60... Bxh7 61. Re3+ Kd1 62. Rxf3 $1
$11) 61. h8=Q f1=Q 62. Qe5+ Kd1 63. Rxc2 $3 {Parrying mating threats!} Qg2+ 64.
Kh4 $1 Qh1+ (64... Qf2+ 65. Qg3 $5 {forcing the exchange of queens}) 65. Kg5 $1
Qg2+ 66. Kh4 Bxc2 67. Qa1+ Ke2 68. Qe5+ Be4 (68... Kf1 69. Qf4+ Kg1 70. Rg3)
69. Rg3 $11) 52. Re8+ Kf7 53. Rb8 Rg2+ (53... Rh1 54. Rc7+ Ke6 55. Rb6+ Kd5 56.
Rxb5+ Kd4 57. Rbc5 $11 {M.Notkin}) 54. Kf4 Ke6 55. Re8+ Kd7 56. Rb8 Ke6 (56...
Rf2+ $5 {is very hard to assess but apparently White holds his ground after}
57. Kg5 $5 (57. Ke5 $143 Rf3 58. Rc5 Re3 59. Kf4 Re2) 57... Rf3 58. Rc5 Rf1 59.
Rbc8 {etc.}) 57. Re8+ Kf6 58. Rf8+ Ke6 1/2-1/2